Sports Quiz

Random Sports or Soccer Quiz

Premier League : 1st place XIs Quiz Stats

Quiz not verified by Sporcle

Challenge
Share
Tweet
Embed
Score 0/300 Timer 20:00
7 Plays Today
Hint Answer % Correct
Manchester United 93-94Alex Ferguson
96.2%
Manchester United 95-96Alex Ferguson
96.2%
Manchester United 96-97Alex Ferguson
96.2%
Manchester United 98-99Alex Ferguson
96.2%
Manchester United 99-00Alex Ferguson
96.2%
Manchester United 00-01Alex Ferguson
96.2%
Manchester United 02-03Alex Ferguson
96.2%
Manchester United 06-07Alex Ferguson
96.2%
Manchester United 07-08Alex Ferguson
96.2%
Manchester United 08-09Alex Ferguson
96.2%
Manchester United 10-11Alex Ferguson
96.2%
Manchester United 12-13Alex Ferguson
96.2%
Manchester United 93-94Ryan Giggs
96%
Manchester United 95-96Ryan Giggs
96%
Manchester United 96-97Ryan Giggs
96%
Manchester United 99-00Ryan Giggs
96%
Manchester United 00-01Ryan Giggs
96%
Manchester United 02-03Ryan Giggs
96%
Manchester United 06-07Ryan Giggs
96%
Manchester United 07-08Ryan Giggs
96%
Manchester United 10-11Ryan Giggs
96%
Manchester City 17-18Kun Agüero
96%
Chelsea 04-05John Terry
94.7%
Chelsea 05-06John Terry
94.7%
Chelsea 09-10John Terry
94.7%
Chelsea 14-15John Terry
94.7%
Manchester United 93-94Peter Schmeichel
94.6%
Manchester United 95-96Peter Schmeichel
94.6%
Manchester United 96-97Peter Schmeichel
94.6%
Manchester United 98-99Peter Schmeichel
94.6%
Manchester United 06-07Wayne Rooney
94.5%
Manchester United 07-08Wayne Rooney
94.5%
Manchester United 08-09Wayne Rooney
94.5%
Manchester United 10-11Wayne Rooney
94.5%
Manchester United 12-13Wayne Rooney
94.5%
Leicester City 15-16Kasper Schmeichel
94.4%
Chelsea 04-05Petr Čech
94%
Chelsea 05-06Petr Čech
94%
Chelsea 09-10Petr Čech
94%
Manchester City 11-12Joe Hart
93.9%
Manchester City 13-14Joe Hart
93.9%
Manchester United 06-07Cristiano Ronaldo
93.7%
Manchester United 07-08Cristiano Ronaldo
93.7%
Manchester United 08-09Cristiano Ronaldo
93.7%
Arsenal 01-02Thierry Henry
93.7%
Arsenal 03-04Thierry Henry
93.7%
Arsenal 01-02Ashley Cole
93.5%
Arsenal 03-04Ashley Cole
93.5%
Chelsea 09-10Ashley Cole
93.5%
Manchester United 95-96Andy Cole
93.5%
Manchester United 98-99Andy Cole
93.5%
Manchester United 99-00Andy Cole
93.5%
Manchester United 98-99Paul Scholes
93.5%
Manchester United 99-00Paul Scholes
93.5%
Manchester United 00-01Paul Scholes
93.5%
Manchester United 02-03Paul Scholes
93.5%
Manchester United 06-07Paul Scholes
93.5%
Manchester United 07-08Paul Scholes
93.5%
Chelsea 04-05José Mourinho
93.4%
Chelsea 05-06José Mourinho
93.4%
Chelsea 14-15José Mourinho
93.4%
Chelsea 04-05Didier Drogba
93.4%
Chelsea 05-06Didier Drogba
93.4%
Chelsea 09-10Didier Drogba
93.4%
Chelsea 05-06Joe Cole
93.4%
Manchester City 17-18David Silva
93.3%
Manchester United 02-03Rio Ferdinand
92.9%
Manchester United 06-07Rio Ferdinand
92.9%
Manchester United 07-08Rio Ferdinand
92.9%
Manchester United 08-09Rio Ferdinand
92.9%
Manchester United 10-11Rio Ferdinand
92.9%
Manchester United 12-13Rio Ferdinand
92.9%
Manchester City 11-12Kun Agüero
92.8%
Leicester City 15-16Jamie Vardy
92.8%
Manchester City 11-12Yaya Touré
92.7%
Manchester City 13-14Yaya Touré
92.7%
Arsenal 03-04Kolo Touré
92.6%
Manchester City 17-18Kevin De Bruyne
92.4%
Manchester United 06-07Edwin van der Sar
92.3%
Manchester United 07-08Edwin van der Sar
92.3%
Manchester United 08-09Edwin van der Sar
92.3%
Manchester United 10-11Edwin van der Sar
92.3%
Manchester United 12-13David De Gea
92.2%
Arsenal 97-98Arsène Wenger
92%
Arsenal 01-02Arsène Wenger
92%
Arsenal 03-04Arsène Wenger
92%
Manchester City 17-18Ederson
92%
Manchester City 17-18Pep Guardiola
92%
Manchester City 11-12Vincent Kompany
91.9%
Manchester City 13-14Vincent Kompany
91.9%
Arsenal 03-04Gilberto Silva
91.9%
Manchester United 95-96Gary Neville
91.9%
Manchester United 96-97Gary Neville
91.9%
Manchester United 98-99Gary Neville
91.9%
Manchester United 00-01Gary Neville
91.9%
Manchester United 06-07Gary Neville
91.9%
Manchester City 11-12David Silva
91.9%
Manchester City 13-14David Silva
91.9%
Manchester United 98-99Phil Neville
91.8%
Manchester United 99-00Phil Neville
91.8%
Hint Answer % Correct
Manchester United 00-01Phil Neville
91.8%
Chelsea 14-15Eden Hazard
91.7%
Manchester United 06-07Nemanja Vidić
91.5%
Manchester United 07-08Nemanja Vidić
91.5%
Manchester United 08-09Nemanja Vidić
91.5%
Manchester United 10-11Nemanja Vidić
91.5%
Chelsea 16-17Eden Hazard
91.3%
Chelsea 04-05Frank Lampard
90.9%
Chelsea 05-06Frank Lampard
90.9%
Chelsea 09-10Frank Lampard
90.9%
Manchester City 17-18Kyle Walker
90.7%
Manchester United 06-07Patrice Evra
90.4%
Manchester United 07-08Patrice Evra
90.4%
Manchester United 08-09Patrice Evra
90.4%
Manchester United 10-11Patrice Evra
90.4%
Manchester United 12-13Patrice Evra
90.4%
Chelsea 14-15Diego Costa
90.3%
Leicester City 15-16Riyad Mahrez
90.1%
Chelsea 14-15Thibaut Courtois
90%
Manchester City 17-18Gabriel Jesus
89.8%
Chelsea 16-17Thibaut Courtois
89.8%
Manchester United 12-13Robin van Persie
89.7%
Chelsea 16-17Diego Costa
89.6%
Blackburn Rovers 94-95Henning Berg
89.3%
Chelsea 14-15Gary Cahill
89.2%
Manchester United 08-09Ji-Sung Park
88.9%
Chelsea 16-17N'Golo Kanté
88.8%
Chelsea 16-17Gary Cahill
88.8%
Manchester United 95-96David Beckham
88.7%
Manchester United 96-97David Beckham
88.7%
Arsenal 97-98Dennis Bergkamp
88.7%
Manchester United 98-99David Beckham
88.7%
Manchester United 99-00David Beckham
88.7%
Manchester United 00-01David Beckham
88.7%
Manchester United 02-03David Beckham
88.7%
Arsenal 03-04Dennis Bergkamp
88.7%
Manchester United 08-09Dimitar Berbatov
88.6%
Manchester United 10-11Dimitar Berbatov
88.6%
Manchester United 93-94Roy Keane
88.5%
Manchester United 95-96Roy Keane
88.5%
Manchester United 98-99Roy Keane
88.5%
Manchester United 99-00Roy Keane
88.5%
Manchester United 00-01Roy Keane
88.5%
Leicester City 15-16N'Golo Kanté
88.5%
Manchester City 17-18Fernandinho
88.4%
Manchester United 12-13Antonio Valencia
88.3%
Arsenal 97-98David Seaman
88.3%
Arsenal 01-02David Seaman
88.3%
Chelsea 09-10Branislav Ivanović
88.1%
Chelsea 14-15Branislav Ivanović
88.1%
Manchester City 17-18Nicolás Otamendi
87.6%
Blackburn Rovers 94-95Alan Shearer
87.3%
Chelsea 16-17Antonio Conte
87.1%
Chelsea 14-15Nemanja Matić
87%
Chelsea 16-17Nemanja Matić
86.7%
Manchester United 06-07Michael Carrick
86.7%
Manchester United 07-08Michael Carrick
86.7%
Manchester United 08-09Michael Carrick
86.7%
Manchester United 10-11Michael Carrick
86.7%
Manchester United 12-13Michael Carrick
86.7%
Chelsea 14-15Cesc Fàbregas
86.7%
Manchester City 17-18Leroy Sané
86.7%
Leicester City 15-16Danny Drinkwater
86.6%
Chelsea 16-17David Luiz
86.2%
Manchester United 98-99Dwight Yorke
85.8%
Manchester United 99-00Dwight Yorke
85.8%
Manchester United 08-09Darren Fletcher
85.2%
Manchester United 10-11Darren Fletcher
85.2%
Manchester United 93-94Éric Cantona
85.1%
Manchester United 95-96Éric Cantona
85.1%
Manchester United 96-97Éric Cantona
85.1%
Leicester City 15-16Claudio Ranieri
85.1%
Leicester City 15-16Robert Huth
84.7%
Manchester United 00-01Fabien Barthez
84.5%
Manchester United 02-03Fabien Barthez
84.5%
Manchester City 17-18Raheem Sterling
84.4%
Manchester United 10-11Nani
84.2%
Chelsea 14-15Willian
84.2%
Manchester United 02-03Ruud van Nistelrooy
84.1%
Manchester City 13-14Edin Džeko
83.7%
Arsenal 01-02Robert Pirès
83.6%
Arsenal 03-04Robert Pirès
83.6%
Manchester City 13-14Pablo Zabaleta
83.3%
Manchester United 07-08Carlos Tévez
83.2%
Chelsea 09-10Michael Ballack
83.2%
Arsenal 03-04Jens Lehmann
82.9%
Arsenal 97-98Patrick Vieira
82.4%
Arsenal 01-02Patrick Vieira
82.4%
Arsenal 03-04Patrick Vieira
82.4%
Leicester City 15-16Wes Morgan
82.3%
Chelsea 04-05Ricardo Carvalho
82.2%
Chelsea 05-06Ricardo Carvalho
82.2%
Chelsea 09-10Ricardo Carvalho
82.2%
Manchester United 12-13Shinji Kagawa
82%
Manchester United 02-03John O'Shea
81.4%
Manchester United 08-09John O'Shea
81.4%
Manchester United 10-11John O'Shea
81.4%
Manchester United 12-13Rafael
81.1%
Manchester United 96-97Ole Gunnar Solskjær
80.7%
Manchester United 02-03Ole Gunnar Solskjær
80.7%
Hint Answer % Correct
Chelsea 14-15César Azpilicueta
80.3%
Arsenal 97-98Tony Adams
80.2%
Chelsea 05-06Michael Essien
79.8%
Chelsea 14-15Oscar
79.7%
Leicester City 15-16Shinji Okazaki
79.6%
Chelsea 16-17César Azpilicueta
79.4%
Manchester City 11-12Roberto Mancini
79.3%
Arsenal 01-02Freddie Ljungberg
79.3%
Arsenal 03-04Freddie Ljungberg
79.3%
Chelsea 16-17Pedro Rodríguez
79.1%
Manchester United 12-13Jonny Evans
78.9%
Manchester United 98-99Jaap Stam
78.4%
Manchester United 99-00Jaap Stam
78.4%
Manchester City 13-14Manuel Pellegrini
78.3%
Manchester City 13-14Aleksandar Kolarov
78.1%
Manchester City 13-14Fernandinho
78.1%
Manchester United 95-96Nicky Butt
77.7%
Manchester United 96-97Nicky Butt
77.7%
Manchester United 98-99Nicky Butt
77.7%
Manchester United 00-01Nicky Butt
77.7%
Leicester City 15-16Christian Fuchs
77.5%
Arsenal 01-02Sol Campbell
77.2%
Arsenal 03-04Sol Campbell
77.2%
Chelsea 16-17Victor Moses
77.1%
Manchester United 93-94Denis Irwin
76.9%
Manchester United 95-96Denis Irwin
76.9%
Manchester United 96-97Denis Irwin
76.9%
Manchester United 98-99Denis Irwin
76.9%
Manchester United 99-00Denis Irwin
76.9%
Chelsea 09-10Nicolas Anelka
76.5%
Chelsea 05-06Arjen Robben
76.2%
Manchester City 11-12Samir Nasri
76%
Manchester City 13-14Samir Nasri
76%
Chelsea 09-10John Mikel
75%
Manchester City 11-12Gaël Clichy
74.2%
Chelsea 04-05Damien Duff
73.8%
Manchester United 00-01Teddy Sheringham
72.9%
Leicester City 15-16Marc Albrighton
72.3%
Arsenal 97-98Ian Wright
72.2%
Chelsea 09-10Carlo Ancelotti
72.1%
Manchester United 93-94Mark Hughes
72%
Manchester United 00-01Wes Brown
71.9%
Manchester United 02-03Wes Brown
71.9%
Manchester United 07-08Wes Brown
71.9%
Manchester City 17-18Fabian Delph
71.6%
Leicester City 15-16Danny Simpson
71.5%
Manchester United 02-03Juan Sebastián Verón
70.7%
Manchester United 93-94Steve Bruce
69.8%
Manchester United 95-96Steve Bruce
69.8%
Chelsea 09-10Florent Malouda
69.8%
Chelsea 04-05Claude Makélélé
69.7%
Chelsea 05-06Claude Makélélé
69.7%
Arsenal 01-02Martin Keown
68.7%
Chelsea 16-17Marcos Alonso
68.5%
Arsenal 97-98Marc Overmars
68.4%
Arsenal 01-02Lauren
68.2%
Arsenal 03-04Lauren
68.2%
Arsenal 97-98Emmanuel Petit
67.9%
Manchester City 13-14Martín Demichelis
66.6%
Arsenal 01-02Sylvain Wiltord
65.6%
Manchester City 13-14Álvaro Negredo
64.7%
Chelsea 04-05Paulo Ferreira
64.3%
Arsenal 97-98Lee Dixon
64.2%
Chelsea 04-05Eiður Guðjohnsen
64.1%
Manchester City 11-12James Milner
63.8%
Manchester United 93-94Gary Pallister
63%
Manchester United 95-96Gary Pallister
63%
Manchester United 96-97Gary Pallister
63%
Blackburn Rovers 94-95Chris Sutton
62.4%
Arsenal 97-98Ray Parlour
62.1%
Arsenal 01-02Ray Parlour
62.1%
Manchester City 11-12Gareth Barry
61.3%
Manchester City 11-12Micah Richards
60.8%
Manchester City 11-12Joleon Lescott
60.6%
Manchester United 99-00Mikaël Silvestre
60.5%
Manchester United 00-01Mikaël Silvestre
60.5%
Manchester United 02-03Mikaël Silvestre
60.5%
Blackburn Rovers 94-95Kenny Dalglish
58.1%
Chelsea 04-05William Gallas
57.4%
Chelsea 05-06William Gallas
57.4%
Manchester United 93-94Paul Ince
57.2%
Manchester United 99-00Mark Bosnich
57%
Arsenal 97-98Nigel Winterburn
56.3%
Manchester United 93-94Andrey Kanchelskis
55.5%
Blackburn Rovers 94-95Tim Sherwood
54.3%
Manchester United 06-07Louis Saha
52.2%
Blackburn Rovers 94-95Tim Flowers
52%
Manchester United 12-13Tom Cleverley
52%
Manchester United 96-97Ronny Johnsen
50.6%
Arsenal 97-98Steve Bould
47%
Manchester United 93-94Paul Parker
45.3%
Chelsea 05-06Asier del Horno
43.1%
Manchester United 96-97David May
42.6%
Blackburn Rovers 94-95Graeme Le Saux
41.6%
Blackburn Rovers 94-95Colin Hendry
40.4%
Chelsea 04-05Tiago
37.8%
Blackburn Rovers 94-95Jason Wilcox
28.6%
Blackburn Rovers 94-95Stuart Ripley
27%
Blackburn Rovers 94-95Ian Pearce
20.4%
Blackburn Rovers 94-95Mark Atkins
16.6%

You're not logged in!

Compare scores with friends on all Sporcle quizzes.
Join for Free
OR
Log In

Show Comments

Extras

Top Quizzes Today


Score Distribution

Your Account Isn't Verified!

In order to create a playlist on Sporcle, you need to verify the email address you used during registration. Go to your Sporcle Settings to finish the process.

Report this User

Report this user for behavior that violates our Community Guidelines.

Details: